Devlet ve fert. (Record no. 45035)

MARC details
000 -LEADER
fixed length control field 00525cam a22001931 4500
001 - CONTROL NUMBER
control field ne 62000302
003 - CONTROL NUMBER IDENTIFIER
control field DLC
005 - DATE AND TIME OF LATEST TRANSACTION
control field 20260227111734.0
008 - FIXED-LENGTH DATA ELEMENTS--GENERAL INFORMATION
fixed length control field 931006s1933 tu 000 0 tur
010 ## - LIBRARY OF CONGRESS CONTROL NUMBER
LC control number ne 62000302
035 ## - SYSTEM CONTROL NUMBER
System control number (OCoLC)28949963
040 ## - CATALOGING SOURCE
Original cataloging agency DLC
Transcribing agency CU
Modifying agency DLC
050 00 - LIBRARY OF CONGRESS CALL NUMBER
Classification number DR590
Item number .A68
100 1# - MAIN ENTRY--PERSONAL NAME
Personal name Ağaoğlu, Ahmet,
Dates associated with a name 1869-1939.
245 10 - TITLE STATEMENT
Title Devlet ve fert.
260 ## - PUBLICATION, DISTRIBUTION, ETC.
Place of publication, distribution, etc. İstanbul,
Name of publisher, distributor, etc. Sanayiinefise Matbaası,
Date of publication, distribution, etc. 1933.
300 ## - PHYSICAL DESCRIPTION
Extent 141 p.
Dimensions 21 cm.
651 #0 - SUBJECT ADDED ENTRY--GEOGRAPHIC NAME
Geographic name Turkey
General subdivision Politics and government
Chronological subdivision 1918-1960.

No items available.

Powered by Koha